subproductos animales

Bibliographic Details
Format: Section = Libro
Language:Undetermined
Spanish
Published: México Trillas 1990
Edition:2a.ed
Subjects:
LEADER 00560nam a2200217Ia 4500
008 240830s9999 xx 000 0 und d
020 |a 968-24-3688-5 
040 |a CEDOC FIQ-RUSB / 664.9 S941 
041 |a spa 
082 |a 664.9 S941 
245 1 0 |a subproductos animales 
250 |a 2a.ed 
260 |a México  |b Trillas  |c 1990 
300 |a 68 p. :il 
650 7 |a SUBPRODUCTOS ANIMALES 
650 7 |b  ALIMENTOS DE ORIGEN ANIMAL 
650 7 |c  CONSERVACION DE PIELES ANIMALES 
650 7 |d  HARINA DE HUESOS 
942 |c BK  |2 ddc 
991 |a TEXTO 
999 |c 14115